000 00438nam a22001337a 4500
020 _a81-7648-470-9
082 _223rd.
_a371.207
245 _aEducation policies and programmes
_cedited by Digumarti Bhaskara Rao and B. Surya Venkata Dutt
260 _aNew Delhi
_bAPH Publishing
_c2011
300 _axiii, 190p. ;
_c24cm.
650 _aEducational planning
700 _aRao, Digumarti Bhaskara ed.
700 _aDitt, B Surya Venkata ed.
999 _c166750
_d166750